Encuentros con la memoria
Guardado en:
| Autores principales: | , , , |
|---|---|
| Formato: | Libro |
| Lenguaje: | español |
| Publicado: |
Santiago
LOM
2004
|
| Edición: | 1a. ed |
| Colección: | Colección Ciencias Humanas
|
| Materias: | |
| Etiquetas: |
Agregar Etiqueta
Sin Etiquetas, Sea el primero en etiquetar este registro!
|
MARC
| LEADER | 00000nam a2200000 a 4500 | ||
|---|---|---|---|
| 001 | UCI1465 | ||
| 003 | CL-VaPUC | ||
| 008 | 070629e20040000CL |||||||||||||||||spa|d | ||
| 020 | |a 9562826821 | ||
| 082 | 0 | 4 | |a 983.064 |b GAR |2 21 |
| 100 | |a Garretón Merino, Carmen |e author |9 430447 | ||
| 700 | 0 | |a Zerán Chelech, Faride |e author |9 522008 | |
| 700 | 0 | |a Campos, Sergio |e author |9 522009 | |
| 700 | 0 | |a Garretón, Manuel Antonio |e author |9 349973 | |
| 245 | 1 | 0 | |a Encuentros con la memoria |
| 250 | |a 1a. ed | ||
| 300 | |a 226 p | ||
| 942 | |c BK | ||
| 945 | |d 20070629 00:00:00 |a jtorresc | ||
| 260 | |a Santiago |b LOM |c 2004 | ||
| 650 | 0 | |a Memoria histórica |9 431578 | |
| 650 | 7 | |a HISTORIA POLITICA 1973 |2 CL-VaPUC |9 522010 | |
| 651 | 7 | |a CHILE |2 CL-VaPUC |9 522011 | |
| 583 | |a last modification |c 20120831 12:43:18 |k Rodrigo Vera | ||
| 490 | 0 | |a Colección Ciencias Humanas | |
| 999 | |c 326284 |d 326282 | ||
| 952 | |0 0 |1 0 |4 0 |6 983_064000000000000_GAR_2004 |7 0 |8 A |9 408117 |a BIBHIS |b BIBHIS |d 2019-11-22 |i 4353226 |o 983.064 GAR 2004 |p 4353226 |r 2025-01-20 |w 2019-11-22 |y BK |k HIS | ||
| 952 | |0 0 |1 0 |4 0 |6 983_064000000000000_GAR_2004 |7 0 |8 A |9 408118 |a BIBHIS |b BIBHIS |d 2019-11-22 |i 4445503 |l 1 |o 983.064 GAR 2004 |p 4445503 |r 2025-01-20 |s 2024-10-24 |w 2019-11-22 |y BK |k HIS | ||